=LDR 00000nam 2200000 4500 =001 INLIS000000000013249 =005 20130612104655 =008 ***********************************Ind** =035 ##$$0010-061300000013249 =041 ##$$a Ind =082 ##$$a 304 =090 ##$$a 304, Spu e =100 ##$$a Spurgeon, Richard =245 ##$$a Ekologi, sains dan percobaan dari usborne, Richard Spurgeon =260 ##$$a 2004 $b Bandung =300 ##$$a 48 hlm, ilus, 24 cm =650 ##$$a Ekologi =850 ##$$a NBPNMAT